书目信息 |
| 题名: |
区域经济前沿
|
|
| 作者: | 李梦梅 | |
| 分册: | ||
| 出版信息: | 北京 经济管理出版社 2000 |
|
| 页数: | 494 | |
| 开本: | 20cm | |
| 丛书名: | ||
| 单 册: | ||
| 中图分类: | F0 | |
| 科图分类: | ||
| 主题词: | 政治经济学 | |
| 电子资源: | ||
| ISBN: | 7-80118-960-4 | |
| 000 | 00480nam0 2200181 450 | |
| 001 | 0734081268 | |
| 005 | 20071007092801.28 | |
| 010 | @a7-80118-960-4 | |
| 100 | @a20071007d km y0chiy0120 ea | |
| 101 | 0 | @achi |
| 200 | 1 | @a区域经济前沿@Aqu yu jing ji qian yan@f李梦梅@Fli meng mei |
| 210 | @a北京@c经济管理出版社@d2000 | |
| 215 | @a494@d20cm | |
| 606 | 0 | @a政治经济学 |
| 690 | @aF0@v3 | |
| 701 | 0 | @a李梦梅@Ali meng mei |
| 801 | 0 | @aCN@bPFT@c20071007 |
| 905 | @a213230@dF0@ea160@f1 | |
| 区域经济前沿/李梦梅.-北京:经济管理出版社,2000 |
| 494;20cm |
| ISBN 7-80118-960-4: |
| ● |
| 相关链接 |
|
|
|
|
正题名:区域经济前沿
索取号:F0/a160
 
预约/预借
| 序号 | 登录号 | 条形码 | 馆藏地/架位号 | 状态 | 备注 |
| 1 | 7509471 | 275094719 | 史法系资料室/ [索取号:F0/a160] | 在馆 |